[Event "Elit(Limhamn-Vasteras)"]
[Site "?"]
[Date "2022.05.13"]
[Round "7"]
[White "Jepson, Christian"]
[Black "Akesson, Ralf"]
[Result "1/2-1/2"]
[WhiteElo "2402"]
[BlackElo "2396"]
[PlyCount "46"]

1. c4 Nf6 2. Nf3 c5 3. b3 e6 4. g3 b6 5. Bg2 Bb7 6. O-O Be7 7. Bb2 O-O 8. d4
cxd4 9. Qxd4 d6 10. Nc3 a6 11. Rfd1 Nbd7 12. e4 Qc8 13. Qe3 Re8 14. Nd4 Bf8 15.
Qe2 Qc7 16. Rac1 Rad8 17. f4 Qb8 18. Re1 g6 19. Rcd1 Qa8 20. Nc2 Bc6 21. Nd4
Bb7 22. Nc2 Bc6 23. Nd4 Bb7 1/2-1/2

[Event "Elit(Vaxjö-Kungstornet)"]
[Site "?"]
[Date "2022.05.13"]
[Round "7"]
[White "Rydstrom, Tom"]
[Black "Glimbrant, Torbjorn"]
[Result "1/2-1/2"]
[WhiteElo "2300"]
[BlackElo "2239"]
[PlyCount "87"]

1. e4 e6 2. Nf3 d5 3. exd5 exd5 4. d4 Nf6 5. Be2 Bd6 6. O-O O-O 7. Bg5 h6 8.
Bh4 Bg4 9. Nbd2 Nbd7 10. c4 c6 11. Rc1 Re8 12. Bd3 dxc4 13. Bxc4 Nb6 14. Bd3
Nbd5 15. Qb3 Qb6 16. Rfe1 Qxb3 17. Nxb3 Bf4 18. Rxe8+ Rxe8 19. Re1 Rxe1+ 20.
Nxe1 b6 21. Bg3 a5 22. Bxf4 Nxf4 23. Nd2 Be2 24. Be4 Nxe4 25. Nxe4 Ne6 26. d5
cxd5 27. Nc3 Bc4 28. b3 d4 29. Na4 Be2 30. Nxb6 Bb5 31. Nc4 Bxc4 32. bxc4 Kf8
33. Kf1 Ke7 34. Ke2 Nc5 35. Nf3 d3+ 36. Ke3 Kd6 37. Ne1 d2 38. Kxd2 Ne4+ 39.
Ke3 Nc3 40. a3 Kc5 41. Kd3 Nd1 42. Ke2 Nc3+ 43. Kd3 Nd1 44. Ke2 1/2-1/2

[Event "Elit(Limhamn-Vasteras)"]
[Site "?"]
[Date "2022.05.13"]
[Round "7"]
[White "Norberg, Johan"]
[Black "Eklund, Joel"]
[Result "1/2-1/2"]
[WhiteElo "2286"]
[BlackElo "2279"]
[PlyCount "41"]

1. e4 c6 2. d4 d5 3. Nc3 dxe4 4. Nxe4 Nf6 5. Nxf6+ gxf6 6. Be3 Bf5 7. h4 h5 8.
Ne2 e6 9. Ng3 Bg6 10. Bd3 Bxd3 11. Qxd3 Nd7 12. O-O-O Qa5 13. Kb1 O-O-O 14. c4
Bd6 15. Ne4 Be7 16. Qc2 Nb6 17. Rd3 Rhg8 18. f3 Kb8 19. Rhd1 Qf5 20. Rb3 Rd7
21. Rbd3 1/2-1/2

[Event "Elit(Vaxjö-Kungstornet)"]
[Site "?"]
[Date "2022.05.13"]
[Round "7"]
[White "Andersson, Fredrik"]
[Black "Fransson, Patrick"]
[Result "1-0"]
[WhiteElo "2267"]
[BlackElo "2150"]
[PlyCount "81"]

1. e4 c6 2. d4 d5 3. Nc3 dxe4 4. Nxe4 Nf6 5. Nxf6+ exf6 6. Be3 Be6 7. Bd3 Bd6
8. Ne2 Nd7 9. O-O Qc7 10. h3 Nb6 11. a4 O-O 12. c3 Nd5 13. c4 Nb4 14. c5 Be7
15. Nf4 Qd7 16. Nxe6 Qxe6 17. Re1 Qd7 18. Bc4 f5 19. Qb3 a5 20. Bd2 Bf6 21.
Bxb4 axb4 22. Rad1 Rad8 23. d5 Qc7 24. Qxb4 cxd5 25. Bxd5 Rd7 26. Bf3 Re7 27.
Rxe7 Bxe7 28. Qxb7 Qxc5 29. Qd5 Qc2 30. a5 g6 31. a6 Bc5 32. Qd2 Qa4 33. Bb7
Bb6 34. Rc1 Kg7 35. Qc3+ Kg8 36. Qc4 Qd7 37. Qd5 Qa4 38. Qc4 Qd7 39. Bd5 Rd8
40. Rd1 Rc8 41. Bxf7+ 1-0

[Event "Elit(Limhamn-Vasteras)"]
[Site "?"]
[Date "2022.05.13"]
[Round "7"]
[White "Schneider, Stefan"]
[Black "Norberg, Erik"]
[Result "1/2-1/2"]
[WhiteElo "2375"]
[BlackElo "2235"]
[PlyCount "36"]

1. d4 Nf6 2. c4 e6 3. Nf3 d5 4. Nc3 Be7 5. Bg5 O-O 6. e3 b6 7. Bd3 Bb7 8. O-O
Nbd7 9. Qe2 Ne4 10. Bf4 g5 11. Bxe4 dxe4 12. Nxg5 Bxg5 13. Qg4 h6 14. h4 Nf6
15. Qg3 Nh5 16. Qg4 Nf6 17. Qg3 Nh5 18. Qg4 Nf6 1/2-1/2

[Event "Elit(Vaxjö-Kungstornet)"]
[Site "?"]
[Date "2022.05.13"]
[Round "7"]
[White "Lindberg, Bengt"]
[Black "Aronsson, Marten"]
[Result "1-0"]
[WhiteElo "2366"]
[BlackElo "2203"]
[PlyCount "77"]

1. e4 e5 2. Nf3 Nc6 3. Bb5 a6 4. Ba4 Nf6 5. O-O Nxe4 6. d4 b5 7. Bb3 d5 8. dxe5
Be6 9. Nbd2 Nc5 10. c3 d4 11. Bxe6 Nxe6 12. cxd4 Ncxd4 13. Nxd4 Nxd4 14. a4 b4
15. Nb3 Nxb3 16. Qxb3 Be7 17. Rd1 Qc8 18. Qg3 g6 19. Bh6 Qf5 20. Qb3 Rc8 21.
Rac1 c5 22. a5 Qe6 23. Qf3 Rg8 24. h4 Qc6 25. Qe3 Qe6 26. b3 Qg4 27. Bg5 Bxg5
28. hxg5 Ke7 29. f3 Qh4 30. Rc4 Qh5 31. Qf4 Rgd8 32. Qf6+ Ke8 33. Rxd8+ Rxd8
34. e6 Rd1+ 35. Kf2 fxe6 36. Qxe6+ Kd8 37. Rf4 Rd2+ 38. Ke1 Rd7 39. Rf8+ 1-0

[Event "Elit(Limhamn-Vasteras)"]
[Site "?"]
[Date "2022.05.13"]
[Round "7"]
[White "Eriksson, Anders"]
[Black "Helgason, Reynir"]
[Result "0-1"]
[WhiteElo "2233"]
[BlackElo "2272"]
[PlyCount "86"]

1. Nf3 d5 2. g3 Nf6 3. Bg2 e6 4. d4 Be7 5. O-O O-O 6. c4 c6 7. Nbd2 b6 8. Qc2
Bb7 9. e4 Na6 10. cxd5 cxd5 11. e5 Nb4 12. Qb3 Ne4 13. a3 Nc6 14. Re1 Rc8 15.
Qd1 Na5 16. Bf1 Qd7 17. Bd3 Rc7 18. Nxe4 dxe4 19. Bxe4 Bxe4 20. Rxe4 Qd5 21.
Re3 Rfc8 22. Rd3 Rc2 23. Ne1 R2c7 24. Be3 Nc4 25. Rb1 Qb5 26. a4 Qd5 27. Ng2
Qe4 28. f3 Qb7 29. Bf4 Qd5 30. b3 Na3 31. Rc1 Rxc1 32. Bxc1 Nc2 33. Ne3 Nxe3
34. Bxe3 h5 35. Kg2 h4 36. gxh4 Bxh4 37. Qd2 Qc6 38. d5 exd5 39. Rxd5 Qg6+ 40.
Kh3 Rc2 41. Qd3 Qe6+ 42. Kxh4 Rxh2+ 43. Kg5 Qh6+ 0-1

[Event "Elit(Vaxjö-Kungstornet)"]
[Site "?"]
[Date "2022.05.13"]
[Round "7"]
[White "Larsson, Anders"]
[Black "Olofsson-Dolk, Mattis"]
[Result "0-1"]
[WhiteElo "2203"]
[BlackElo "2176"]
[PlyCount "145"]

1. e4 c5 2. Nf3 d6 3. Bb5+ Nd7 4. d4 cxd4 5. Qxd4 a6 6. Bc4 e6 7. Nc3 Ngf6 8.
a4 Qc7 9. Ba2 Ne5 10. Qd1 Be7 11. O-O O-O 12. Nd4 Bd7 13. Kh1 Rac8 14. f4 Nc4
15. Qe2 Qc5 16. Nf3 b5 17. e5 dxe5 18. fxe5 Nd5 19. Ne4 Qb6 20. c3 Nce3 21. a5
Qa7 22. Bxd5 Nxd5 23. Bg5 Bc5 24. Qe1 Be3 25. Qh4 h6 26. Bxe3 Nxe3 27. Qf2 Rc7
28. Rfe1 Nf5 29. Qe2 Bc6 30. Rad1 Bxe4 31. Qxe4 Rd7 32. Rd3 Rxd3 33. Qxd3 Qc7
34. Nd4 Nxd4 35. Qxd4 Qxa5 36. Rd1 Qa2 37. b4 Rc8 38. h3 Qc2 39. Rd3 Rc4 40.
Qe3 Qb1+ 41. Kh2 Qf1 42. Rd8+ Kh7 43. Rd4 Rxd4 44. Qxd4 g5 45. Qc5 Kg6 46. Qc8
Qf4+ 47. Kh1 Qxe5 48. Qxa6 Qd5 49. Qc8 Kg7 50. Qc7 e5 51. Kg1 e4 52. Kf2 Qd2+
53. Kg3 Qd5 54. Kf2 h5 55. Qe7 Qd2+ 56. Kf1 Qd3+ 57. Kf2 Kg6 58. Qe8 Qd2+ 59.
Kf1 Qd5 60. Qg8+ Kf5 61. Qh7+ Kf4 62. Qxh5 Qd3+ 63. Kg1 f5 64. Qh8 Qe3+ 65. Kh2
Qg3+ 66. Kg1 Ke3 67. Qd4+ Ke2 68. Qd5 Qf2+ 69. Kh2 Qf4+ 70. Kg1 Qe3+ 71. Kh1
Qc1+ 72. Kh2 Kf2 73. Qc5+ 0-1

[Event "Elit(Limhamn-Vasteras)"]
[Site "?"]
[Date "2022.05.13"]
[Round "7"]
[White "Ziegler, Ari"]
[Black "Janse, Love"]
[Result "0-1"]
[WhiteElo "2323"]
[BlackElo "2199"]
[PlyCount "128"]

1. e4 e6 2. d4 d5 3. Nc3 Bb4 4. e5 c5 5. a3 Bxc3+ 6. bxc3 Qc7 7. h4 Ne7 8. h5
Bd7 9. h6 g6 10. Nf3 Ba4 11. Bd3 cxd4 12. cxd4 Qc3+ 13. Bd2 Qxd3 14. cxd3 Bxd1
15. Rxd1 Nd7 16. Bg5 Rc8 17. Kd2 Nc6 18. Rb1 Na5 19. Rh4 O-O 20. Be7 Rfe8 21.
Bb4 Nc6 22. Bd6 b6 23. Rf4 Nd8 24. Ng5 Rc6 25. a4 f6 26. exf6 Nf7 27. Nxf7 Kxf7
28. Be5 Rec8 29. Rb2 Rc1 30. a5 Ra1 31. axb6 axb6 32. Rf3 Rcc1 33. Bf4 Rab1 34.
Rxb1 Rxb1 35. g4 g5 36. Bxg5 Rg1 37. Rf4 Nf8 38. Kc3 Ng6 39. Rf3 Rxg4 40. Rg3
Rxg3 41. fxg3 Nf8 42. Kb4 Kg6 43. Be3 Nd7 44. Kb5 Nxf6 45. Kxb6 Ng4 46. Bf4
Nxh6 47. Kc6 Nf5 48. Be5 Ne3 49. Kd6 Kf5 50. Ke7 Ng4 51. Bc7 Nf2 52. Kf7 h5 53.
Kg7 Nh1 54. Kf7 Nf2 55. Kg7 Nxd3 56. Kh6 Ke4 57. Kxh5 Kxd4 58. g4 e5 59. g5
Nf4+ 60. Kh6 Ne6 61. g6 e4 62. g7 Nxg7 63. Kxg7 e3 64. Kf6 Ke4 0-1

[Event "Elit(Vaxjö-Kungstornet)"]
[Site "?"]
[Date "2022.05.13"]
[Round "7"]
[White "Sevastianov, Andrii"]
[Black "Henriksson, Johan"]
[Result "0-1"]
[WhiteElo "2133"]
[BlackElo "2220"]
[PlyCount "72"]

1. c4 c6 2. g3 d5 3. Nf3 Nf6 4. Bg2 g6 5. b3 Bg7 6. Bb2 O-O 7. O-O Re8 8. Qc2
Nbd7 9. Nc3 e5 10. cxd5 Nxd5 11. d3 Nxc3 12. Bxc3 Nb6 13. Rfd1 Nd5 14. Bb2 Qc7
15. Rac1 Be6 16. Ng5 Rad8 17. Nxe6 Rxe6 18. a3 Qb6 19. Qc4 Bh6 20. Rc2 Be3 21.
d4 e4 22. Bc1 Bxc1 23. Rcxc1 f5 24. e3 g5 25. Bh3 Rf8 26. b4 a6 27. Qc5 Qd8 28.
Bf1 f4 29. Re1 Qf6 30. Qc2 Qf5 31. exf4 gxf4 32. f3 fxg3 33. Rxe4 Rg6 34. h3 g2
35. Bxg2 Qxf3 36. Rf1 Qxf1+ 0-1

[Event "Elit(Eksjo-Team Pelaro Alingsas)"]
[Site "?"]
[Date "2022.05.13"]
[Round "7"]
[White "Sorensen, Hampus"]
[Black "Gdanski, Jacek"]
[Result "0-1"]
[WhiteElo "2379"]
[BlackElo "2499"]
[PlyCount "86"]
[SourceDate "2022.05.17"]

1. e4 e6 2. d4 d5 3. Nc3 Bb4 4. e5 Ne7 5. a3 Bxc3+ 6. bxc3 c5 7. Qg4 O-O 8. Bd3
Nbc6 9. Bg5 Qa5 10. Ne2 Ng6 11. O-O c4 12. Bxg6 fxg6 13. f4 Bd7 14. Rf3 Qa4 15.
Rc1 Qxa3 16. h4 Rf5 17. Qh3 h5 18. g4 hxg4 19. Qxg4 Raf8 20. Kf2 Be8 21. Qg1 b5
22. Ng3 a5 23. Nxf5 Rxf5 24. Kg3 Qf8 25. Rb1 Rf7 26. Kh2 Rb7 27. Qg4 Qf5 28.
Qxf5 gxf5 29. Kg3 b4 30. cxb4 axb4 31. c3 b3 32. Kf2 Bh5 33. Rg3 Ra7 34. Kf1
Bg4 35. Kg1 Kf7 36. Rg2 Bf3 37. Rf2 Be4 38. Rbb2 Bd3 39. Rfd2 Nxd4 40. Kf2 Nc6
41. Rxd3 cxd3 42. Rxb3 Ra2+ 43. Ke3 Na5 0-1

[Event "Elit(Stockholms SS-Wasa)"]
[Site "?"]
[Date "2022.05.13"]
[Round "7"]
[White "Cramling, Pia"]
[Black "Westerberg, Jonathan"]
[Result "1/2-1/2"]
[WhiteElo "2452"]
[BlackElo "2494"]
[PlyCount "84"]
[SourceDate "2022.05.19"]

1. d4 Nf6 2. Nf3 d5 3. c4 e6 4. Nc3 dxc4 5. e3 a6 6. Bxc4 b5 7. Be2 Bb7 8. O-O
Nbd7 9. b3 c5 10. Bb2 Be7 11. dxc5 Nxc5 12. b4 Qxd1 13. Rfxd1 Ncd7 14. a4 bxa4
15. b5 a3 16. Bxa3 axb5 17. Bxe7 Kxe7 18. Nxb5 Rxa1 19. Rxa1 Ra8 20. Rxa8 Bxa8
21. Nc3 Nd5 22. Nxd5+ Bxd5 23. Nd2 e5 24. e4 Bc6 25. f3 g6 26. Bd3 Nc5 27. Bb1
Bb5 28. Kf2 Bd3 29. Bxd3 Nxd3+ 30. Ke3 Nc5 31. g3 Ke6 32. f4 exf4+ 33. gxf4 f5
34. e5 g5 35. fxg5 Kxe5 36. Nf3+ Ke6 37. Nd4+ Kf7 38. Nxf5 Kg6 39. Kf4 Nd3+ 40.
Kg4 Nf2+ 41. Kf4 Nh3+ 42. Kg4 Nf2+ 1/2-1/2

[Event "Elit(LASK-Rockaden, Stockholm)"]
[Site "?"]
[Date "2022.05.13"]
[Round "7"]
[White "Neiksans, Arturs"]
[Black "Tari, Aryan"]
[Result "0-1"]
[WhiteElo "2574"]
[BlackElo "2660"]
[PlyCount "123"]
[EventDate "2022.??.??"]

1. e4 c6 2. Nf3 d5 3. d3 dxe4 4. dxe4 Qxd1+ 5. Kxd1 Nf6 6. Bd3 g6 7. h3 Bg7 8.
Nc3 O-O 9. Bf4 Nbd7 10. e5 Nd5 11. Nxd5 cxd5 12. Re1 Nc5 13. Nd4 Bd7 14. Kd2
Rfc8 15. Rad1 b5 16. c3 a5 17. Rc1 e6 18. a3 Bf8 19. b4 Nxd3 20. Kxd3 Rc4 21.
Be3 axb4 22. axb4 Ra3 23. Kd2 Be7 24. f4 f6 25. Rc2 fxe5 26. fxe5 g5 27. Rf1 h6
28. Rfc1 Bf8 29. Bg1 Bg7 30. Bh2 Bf8 31. Bg1 Ra6 32. Nb3 Be8 33. Bc5 Bg6 34.
Rb2 Bg7 35. Bd6 Rf4 36. Re1 Rf2+ 37. Re2 Rf1 38. Nd4 Raa1 39. Ke3 Rad1 40. Rbd2
Rc1 41. Nxb5 Be8 42. Nc7 Ba4 43. Nxe6 Bb5 44. Rf2 Rxc3+ 45. Kd4 Rfc1 46. Nxg7
Kxg7 47. Bc5 Bc6 48. e6 Ra3 49. Ke5 Re1+ 50. Rde2 Rxe2+ 51. Rxe2 Kg6 52. Rf2
Ra1 53. e7 Re1+ 54. Kd6 Bb5 55. Kxd5 h5 56. Bd6 g4 57. hxg4 hxg4 58. g3 Be8 59.
Rf8 Rd1+ 60. Ke6 Re1+ 61. Be5 Rd1 62. Rxe8 0-1

[Event "Elit(Eksjo-Team Pelaro Alingsas)"]
[Site "?"]
[Date "2022.05.13"]
[Round "7"]
[White "Lukez, Franko"]
[Black "Berg, Emanuel"]
[Result "0-1"]
[WhiteElo "2284"]
[BlackElo "2532"]
[PlyCount "74"]

1. Nf3 f5 2. g3 Nf6 3. Bg2 g6 4. O-O Bg7 5. c4 O-O 6. Nc3 d6 7. Rb1 e5 8. d3 a5
9. a3 h6 10. b4 axb4 11. axb4 g5 12. Bb2 Nc6 13. b5 Ne7 14. Ra1 Rb8 15. Ra7 Ng6
16. Nd2 h5 17. Nb3 c5 18. Qd2 f4 19. b6 Qxb6 20. Nb5 Qd8 21. Na5 Rf7 22. e3 h4
23. Re1 Qb6 24. Bc3 h3 25. Bh1 Bg4 26. Nc6 bxc6 27. Ba5 Qxa7 28. Nxa7 Rxa7 29.
Bxc6 Ne7 30. Bb5 Bf3 31. Bc3 Nf5 32. d4 Ne4 33. Qc2 fxe3 34. fxe3 exd4 35. Bc6
dxc3 36. Bxe4 Rb2 37. Bd5+ Bxd5 0-1

[Event "Elit(Stockholms SS-Wasa)"]
[Site "?"]
[Date "2022.05.13"]
[Round "7"]
[White "Lokander, Martin"]
[Black "Amin, Bassem"]
[Result "1-0"]
[WhiteElo "2473"]
[BlackElo "2681"]
[PlyCount "111"]
[EventDate "2022.??.??"]

1. e4 e5 2. Nf3 Nc6 3. Bb5 a6 4. Ba4 Nf6 5. d4 exd4 6. O-O Be7 7. e5 Ne4 8.
Nxd4 Nc5 9. Nf5 O-O 10. Qg4 g6 11. Bxc6 dxc6 12. Nxe7+ Qxe7 13. Qg3 Re8 14. Re1
Bf5 15. Bg5 f6 16. Bh6 Bxc2 17. Nd2 Bf5 18. Qc3 fxe5 19. Nf3 e4 20. Nd4 Rad8
21. Nxf5 gxf5 22. Qg3+ Kh8 23. Bg5 Qg7 24. Bxd8 Qxg3 25. hxg3 Rxd8 26. g4 Rd2
27. gxf5 Rxb2 28. Rad1 Kg7 29. g4 Rxa2 30. g5 Ra3 31. f4 Rg3+ 32. Kh2 Rf3 33.
Rf1 Rd3 34. Kg2 a5 35. Rh1 Rxd1 36. Rxd1 Nd3 37. f6+ Kf7 38. Rh1 Nxf4+ 39. Kg3
Ne6 40. Kg4 Nf8 41. Kf5 Kg8 42. Re1 a4 43. Rxe4 b5 44. Re7 a3 45. Rg7+ Kh8 46.
Rxc7 b4 47. Ra7 c5 48. Ke5 b3 49. Rxa3 c4 50. Ra8 Kg8 51. Rb8 Kf7 52. Kf5 Ng6
53. Rb7+ Kg8 54. Rb4 Nh4+ 55. Ke6 h6 56. f7+ 1-0

[Event "Elit(LASK-Rockaden, Stockholm)"]
[Site "?"]
[Date "2022.05.13"]
[Round "7"]
[White "Thybo, Jesper Sondergaard"]
[Black "Blomqvist, Erik"]
[Result "1/2-1/2"]
[WhiteElo "2592"]
[BlackElo "2536"]
[PlyCount "120"]

1. e4 c5 2. Nf3 d6 3. Bb5+ Bd7 4. c4 Nc6 5. d4 cxd4 6. Nxd4 g6 7. Nc3 Bg7 8.
Be3 Nf6 9. h3 O-O 10. O-O Nxd4 11. Bxd7 Nc6 12. Bxc6 bxc6 13. c5 d5 14. e5 Nd7
15. f4 e6 16. b4 f6 17. exf6 Qxf6 18. Rc1 e5 19. Ne2 exf4 20. Rxf4 Qe7 21. Bf2
Rxf4 22. Nxf4 Rf8 23. Nd3 Nf6 24. Bh4 Qe3+ 25. Bf2 Qe8 26. Bh4 Qe3+ 27. Bf2 Qg5
28. h4 Qf5 29. Ne1 Ng4 30. Nf3 Qf4 31. Be1 Be5 32. Kh1 Bc7 33. Qd2 Ne3 34. Bf2
Nxg2 35. Qxf4 Nxf4 36. Rf1 Nd3 37. Kg2 Nxb4 38. Rb1 Nd3 39. Rb7 Nf4+ 40. Kg1
Nh3+ 41. Kg2 Nf4+ 42. Kf1 Ne6 43. Kg2 Rb8 44. Rxa7 Rb2 45. Kf1 Rb1+ 46. Ke2 Bb8
47. Ra6 Nf4+ 48. Ke3 Rb4 49. Nd4 Ng2+ 50. Ke2 Nf4+ 51. Kf3 Nd3 52. Nxc6 Rf4+
53. Ke3 Nxc5 54. Ra8 d4+ 55. Ke2 d3+ 56. Ke3 Re4+ 57. Kf3 Rf4+ 58. Ke3 Re4+ 59.
Kf3 Rf4+ 60. Ke3 Re4+ 1/2-1/2

[Event "Elit(SK Rockaden, Sthlm-Stockholms SS)"]
[Site "?"]
[Date "2022.04.10"]
[Round "6"]
[White "Westerberg, Jonathan"]
[Black "Hammer, Jon Ludvig"]
[Result "0-1"]
[WhiteElo "2494"]
[BlackElo "2613"]
[PlyCount "120"]

1. Nf3 d5 2. d4 Nf6 3. c4 e6 4. Bg5 Bb4+ 5. Nc3 h6 6. Bxf6 Qxf6 7. Qa4+ Nc6 8.
e3 O-O 9. cxd5 exd5 10. Be2 Rd8 11. O-O Bf8 12. Qb3 Ne7 13. Rac1 c6 14. Ne5 Nf5
15. Na4 Bd6 16. f4 Qe7 17. Rc3 f6 18. Ng6 Qe4 19. Bf3 Qe8 20. Bh5 Nh4 21. Nxh4
Qxh5 22. Nf3 Re8 23. Qc2 Re7 24. Qf2 Qe8 25. Nh4 b6 26. a3 Bd7 27. f5 c5 28. b3
cxd4 29. exd4 Re2 30. Qf3 Qe4 31. Qxe4 dxe4 32. Ng6 e3 33. Nf4 Rf2 34. g3 Rxf1+
35. Kxf1 Bxa3 36. Rxe3 Bxf5 37. Nc3 Kf7 38. Nb5 Bf8 39. Rc3 a6 40. Rc7+ Kg8 41.
Nc3 Rc8 42. Ncd5 Rxc7 43. Nxc7 Bd6 44. Ncd5 b5 45. Ne3 Bd7 46. Nd3 a5 47. Ke1
Kf7 48. Kd2 f5 49. Kc3 g5 50. b4 axb4+ 51. Nxb4 f4 52. gxf4 gxf4 53. Nf1 Bxb4+
54. Kxb4 f3 55. d5 f2 56. d6 Bh3 57. Ne3 f1=Q 58. Nxf1 Bxf1 59. d7 Ke7 60.
d8=Q+ Kxd8 0-1

[Event "Elit(SK Rockaden, Sthlm-Stockholms SS)"]
[Site "?"]
[Date "2022.04.10"]
[Round "6"]
[White "Kenneskog, Theodor"]
[Black "Olund, Joar"]
[Result "0-1"]
[WhiteElo "2346"]
[BlackElo "2349"]
[PlyCount "68"]

1. e4 c6 2. Nf3 d5 3. d3 Bg4 4. h3 Bxf3 5. Qxf3 e6 6. g3 g6 7. Bg2 Bg7 8. O-O
Nd7 9. Qe2 Ne7 10. Nd2 O-O 11. Nf3 e5 12. b3 h6 13. Bb2 Qc7 14. c4 dxe4 15.
dxe4 Nc5 16. Rfd1 Rfd8 17. h4 Ne6 18. Bh3 Nd4 19. Nxd4 exd4 20. Qd2 c5 21. f4
Nc6 22. e5 Re8 23. Rf1 Re7 24. Rae1 Rae8 25. Qf2 Bxe5 26. fxe5 Nxe5 27. Bg2 Nd3
28. Rxe7 Rxe7 29. Qd2 Qxg3 30. Ba3 Qe3+ 31. Rf2 Nxf2 32. Qxf2 d3 33. Bxc5 Qxf2+
34. Kxf2 Re2+ 0-1

[Event "Elit(SK Rockaden, Sthlm-Stockholms SS)"]
[Site "?"]
[Date "2022.04.10"]
[Round "6"]
[White "Cederstam, Carl"]
[Black "Barkhagen, Jonas"]
[Result "1/2-1/2"]
[WhiteElo "2368"]
[BlackElo "2439"]
[PlyCount "84"]

1. d4 d5 2. c4 c6 3. Nf3 Nf6 4. Nc3 dxc4 5. a4 e6 6. e3 c5 7. Bxc4 Nc6 8. O-O
cxd4 9. exd4 Be7 10. Re1 O-O 11. Bg5 Bd7 12. Qe2 Nb4 13. Rad1 Nfd5 14. Bc1 Be8
15. Bb3 Rc8 16. Bd2 Bd6 17. Ng5 Bf4 18. Nxd5 Nxd5 19. Bxf4 Nxf4 20. Qg4 h6 21.
Ne4 Nd5 22. Bxd5 exd5 23. Nf6+ Qxf6 24. Qxc8 Bxa4 25. Qxb7 Bxd1 26. Rxd1 Qf5
27. Qxa7 Qc2 28. Re1 Qxb2 29. Qc5 Qd2 30. Kf1 Qd3+ 31. Kg1 Qf5 32. Rc1 Re8 33.
h3 Kh7 34. Qb5 Re4 35. Rd1 Qe6 36. Qd3 f5 37. Kf1 h5 38. Qf3 Kh6 39. Qa3 Qf6
40. Qc5 Qf7 41. Rb1 f4 42. f3 Re3 1/2-1/2

[Event "Elit(SK Rockaden, Sthlm-Stockholms SS)"]
[Site "?"]
[Date "2022.04.10"]
[Round "6"]
[White "Bator, Robert"]
[Black "Ertan, Can"]
[Result "1/2-1/2"]
[WhiteElo "2356"]
[BlackElo "2382"]
[PlyCount "69"]

1. e4 e5 2. Nf3 Nc6 3. Bc4 Bc5 4. d3 Nf6 5. a4 a5 6. O-O d6 7. c3 O-O 8. h3 Ba7
9. Re1 Be6 10. Bxe6 fxe6 11. Be3 Bxe3 12. Rxe3 d5 13. Nbd2 Qd6 14. Qb3 Rad8 15.
Rae1 d4 16. Nc4 Qc5 17. cxd4 exd4 18. R3e2 Nd7 19. Ncd2 Kh8 20. Qxe6 Qh5 21. e5
Rfe8 22. Qc4 Ndxe5 23. Nxe5 Nxe5 24. Qxc7 Nxd3 25. Qxa5 Qg6 26. Rxe8+ Rxe8 27.
Rxe8+ Qxe8 28. Nf3 Nxb2 29. Qd5 Nxa4 30. Qxd4 h6 31. Ne5 Qe6 32. Qxa4 Qxe5 33.
Qa8+ Kh7 34. Qxb7 Qe1+ 35. Kh2 1/2-1/2

[Event "Elit(SK Rockaden, Sthlm-Stockholms SS)"]
[Site "?"]
[Date "2022.04.10"]
[Round "6"]
[White "Thorn, Eric"]
[Black "Crevatin, Leo"]
[Result "1/2-1/2"]
[WhiteElo "2341"]
[BlackElo "2266"]
[PlyCount "77"]

1. Nf3 d5 2. c4 e6 3. e3 Nf6 4. Nc3 b6 5. Qa4+ c6 6. Be2 Bb7 7. O-O Bd6 8. b3
Nbd7 9. cxd5 exd5 10. Qh4 O-O 11. Nd4 Ne4 12. Qxd8 Rfxd8 13. Bb2 Nxc3 14. Bxc3
Nc5 15. f3 Rac8 16. Rac1 Ba6 17. Bxa6 Nxa6 18. Ba1 c5 19. Nb5 Bb8 20. a3 Nc7
21. Nxc7 Bxc7 22. Rc2 Bd6 23. Rfc1 Rc7 24. Bb2 Rdc8 25. g3 f6 26. Kf2 Kf7 27.
d3 b5 28. e4 dxe4 29. dxe4 c4 30. bxc4 Rxc4 31. Rxc4 bxc4 32. a4 Rb8 33. Bd4
Rb4 34. Bxa7 Rxa4 35. Bd4 Ra2+ 36. Kg1 Ra4 37. Kf2 Ra2+ 38. Kg1 Ra4 39. Kf2
1/2-1/2

[Event "Elit(SK Rockaden, Sthlm-Stockholms SS)"]
[Site "?"]
[Date "2022.04.10"]
[Round "6"]
[White "Olsson, Krister"]
[Black "Lissang, Christopher"]
[Result "1/2-1/2"]
[WhiteElo "2332"]
[BlackElo "2345"]
[PlyCount "103"]

1. d4 Nf6 2. c4 e6 3. Nc3 Bb4 4. e3 O-O 5. Nge2 c6 6. a3 Ba5 7. b4 Bc7 8. Ng3
d5 9. Bb2 Nbd7 10. Be2 dxc4 11. Bxc4 e5 12. Nce2 exd4 13. Nxd4 Ne5 14. Be2 g6
15. O-O h5 16. Nf3 Qe7 17. Qc2 Nxf3+ 18. Bxf3 Be5 19. Rfd1 h4 20. Bxe5 Qxe5 21.
Ne4 Nxe4 22. Qxe4 Qxe4 23. Bxe4 Be6 24. Rd4 Rfd8 25. Rad1 Rxd4 26. Rxd4 a5 27.
h3 axb4 28. axb4 Kf8 29. f4 Ke7 30. f5 gxf5 31. Bf3 Ra1+ 32. Kf2 Ra2+ 33. Kg1
Ra1+ 34. Kf2 Ra2+ 35. Kg1 Rc2 36. Rxh4 b6 37. Kf1 c5 38. bxc5 bxc5 39. Ra4 c4
40. Ke1 c3 41. Kd1 Rf2 42. Ra3 Rd2+ 43. Kc1 Rd3 44. Kc2 Rxe3 45. Rxc3 Rxc3+ 46.
Kxc3 Kf6 47. Kd4 f4 48. h4 Bf5 49. Kd5 Bg6 50. Kd4 Bf5 51. h5 Bh3 52. gxh3
1/2-1/2

[Event "Elit(Vasteras-Wasa)"]
[Site "?"]
[Date "2022.04.10"]
[Round "6"]
[White "Meshkovs, Nikita"]
[Black "Carlsson, Ludvig"]
[Result "1/2-1/2"]
[WhiteElo "2561"]
[BlackElo "2355"]
[PlyCount "111"]
[EventDate "2022.??.??"]

1. d4 d5 2. c4 e6 3. Nc3 Nf6 4. cxd5 exd5 5. Bg5 c6 6. e3 Be7 7. Bd3 Nbd7 8.
Qc2 O-O 9. Nge2 Re8 10. O-O Nf8 11. Bh4 g6 12. Rad1 Nh5 13. Bxe7 Qxe7 14. Ng3
Nxg3 15. hxg3 Bg4 16. Rde1 Rad8 17. Na4 Bc8 18. Qc5 Qxc5 19. Nxc5 Ne6 20. b4
Nxc5 21. bxc5 Re7 22. f3 h5 23. Kf2 Kg7 24. Rb1 f5 25. Rb4 Rde8 26. Re1 Kf6 27.
Ra4 a6 28. Rb4 Kg5 29. Rb6 Re6 30. Bc2 R6e7 31. Rb3 Re6 32. Rh1 R6e7 33. Rh4
Kf6 34. Ke2 Kg5 35. Kd2 Kf6 36. Rh1 Kg5 37. Re1 Kf6 38. Rb6 Kg5 39. Bb3 Re6 40.
Kd3 h4 41. f4+ Kg4 42. gxh4 Kxh4 43. Bd1 g5 44. Rh1+ Kg3 45. Rh3+ Kxg2 46. Rf3
gxf4 47. Rb2+ Kg1 48. exf4 Rg6 49. Rh3 Rg2 50. Be2 Rf2 51. Rb1+ Kg2 52. Rbh1
Rexe2 53. R1h2+ Kg1 54. Rh1+ Kg2 55. R1h2+ Kg1 56. Rh1+ 1/2-1/2

[Event "Elit(Vasteras-Wasa)"]
[Site "?"]
[Date "2022.04.10"]
[Round "6"]
[White "Pantzar, Milton"]
[Black "Suarez Garcia, Carlos"]
[Result "1/2-1/2"]
[WhiteElo "2434"]
[BlackElo "2451"]
[PlyCount "67"]
[EventDate "2022.??.??"]

1. d4 d5 2. c4 e6 3. Nf3 Nf6 4. g3 Be7 5. Bg2 O-O 6. O-O dxc4 7. Ne5 Qd6 8. Na3
Rd8 9. Naxc4 Qa6 10. e3 c5 11. b4 cxb4 12. Bb2 Nc6 13. a3 Nxe5 14. Nxe5 Qb5 15.
axb4 Bd7 16. Qf3 a5 17. Qxb7 Nd5 18. Qxb5 Bxb5 19. Rfc1 axb4 20. Bf1 Be8 21.
Bc4 Nb6 22. Bb3 Na4 23. Ra2 Nxb2 24. Rxb2 Kf8 25. Kf1 Bd6 26. Nd3 Rdc8 27. Nc5
Bxc5 28. dxc5 Ra5 29. Bd1 Raxc5 30. Rxc5 Rxc5 31. Rxb4 Bb5+ 32. Kg2 Bc6+ 33.
Bf3 Bxf3+ 34. Kxf3 1/2-1/2

[Event "Elit(Team Pelaro Alingsas-Kungstornet)"]
[Site "?"]
[Date "2022.04.10"]
[Round "6"]
[White "Eriksson, Johan"]
[Black "Dahlgren, Jonas"]
[Result "1-0"]
[WhiteElo "2382"]
[BlackElo "2004"]
[PlyCount "70"]

1. c4 Nf6 2. g3 c5 3. Bg2 Nc6 4. Nc3 b6 5. e4 e5 6. d3 d6 7. Nge2 Bd7 8. O-O
Be7 9. a3 O-O 10. h3 Qc8 11. Kh2 Ne8 12. Nd5 Bd8 13. b4 Rb8 14. f4 f5 15. exf5
Bxf5 16. g4 Bd7 17. f5 Nc7 18. Ng3 Nxd5 19. Bxd5+ Kh8 20. b5 Ne7 21. Be4 a6 22.
a4 Bc7 23. Ra2 Bd8 24. Raf2 Ng8 25. g5 Be8 26. Qg4 axb5 27. axb5 Qc7 28. Be3
Qd7 29. Bc6 Qe7 30. Bxe8 Qxe8 31. Ne4 d5 32. cxd5 Qxb5 33. f6 g6 34. f7 Ne7 35.
Qe6 Nf5 1-0

[Event "Elit(Vasteras-Wasa)"]
[Site "?"]
[Date "2022.04.10"]
[Round "6"]
[White "Wedberg, Tom"]
[Black "Vaarala, Eric"]
[Result "1/2-1/2"]
[WhiteElo "2406"]
[BlackElo "2296"]
[PlyCount "43"]
[EventDate "2022.??.??"]

1. e4 c5 2. Nf3 e6 3. d4 cxd4 4. Nxd4 Nf6 5. Nc3 Nc6 6. Nxc6 bxc6 7. e5 Nd5 8.
Nxd5 cxd5 9. Bd3 Qc7 10. Qe2 Bb4+ 11. Kf1 Be7 12. h4 Rb8 13. c3 d6 14. Bf4 f6
15. exf6 Bxf6 16. Qc2 e5 17. Be3 e4 18. Be2 O-O 19. Rd1 Be6 20. Rd2 Be5 21. Qa4
Rf7 22. Ke1 1/2-1/2